00374nam a2200133 a 450000100100000000500170001000800410002702000150006804000250008310000190010824500450012726000450017230000230021700003664520200930075841.0120123s2002 xxu 000 0 spa d a0312253486 aDO-SdBNPbspacBNPHU1 aLudlum, Robert10aThe Janson directive / :bRobert Ludlum. aNew York :bSt. Martin“s Press ,c2002. a547 p. : ;c23 cm.